MARC

LEADER 00000nam0a2200000 4500
001 297355
005 20231102001011.0
035 |a (RuTPU)RU\TPU\book\322488 
090 |a 297355 
100 |a 20150608d1983 m y0rusy50 ca 
101 0 |a rus 
102 |a RU 
105 |a a j 001zy 
200 1 |a Основы расчета и конструирования машин и аппаратов. Оборудование с быстроходными роторами  |e конспект лекций  |f А. И. Мильченко [и др.]  |g Ленинградский технологический институт им. Ленсовета (ЛТИ) 
210 |a Ленинград  |c Изд-во ЛТИ  |d 1983 
215 |a 56 с.  |c ил. 
320 |a Библиогр.: с. 53-54 
606 |a Химические заводы  |x Оборудование  |x Конструкция и расчет  |2 stltpush  |3 (RuTPU)RU\TPU\subj\31156  |9 54087 
610 1 |a валы 
610 1 |a расчетные схемы 
610 1 |a роторы 
610 1 |a скорость 
610 1 |a виброустойчивость 
610 1 |a жесткость 
610 1 |a прочность 
610 1 |a быстровращающиеся оболочки 
610 1 |a диски 
610 1 |a лекции 
675 |a 66.02.001.24(07)  |v 4 
701 1 |a Мильченко  |b А. И.  |g Алексей Ивановис 
701 1 |a Третьяков  |b Н. П.  |g Николай Петрович 
701 1 |a Михалев  |b М. Ф.  |g Михаил Федорович 
701 1 |a Зобнин  |b В. В.  |g Владимир Викторович 
712 0 2 |a Ленинградский технологический институт им. Ленсовета (ЛТИ)  |2 stltpush  |3 (RuTPU)RU\TPU\col\1462 
801 1 |a RU  |b 63413507  |c 20150608 
801 2 |a RU  |b 63413507  |c 20181102  |g RCR 
942 |c BK